01130nam a22002297a 450000500170000001000260001702000260004303500140006903500140008303700090009708200140010624501140012026000520023427001330028630000200041970000350043970000390047494200280051399900190054195201760056095201640073620251029144153.0 aENG-141362 ENG-147007 a9788119798896c499.00 aEN-124894 aEN-130539 bDBAD a327.54051 aSino-Indian Ties Under Modi:bRising to the China Challennge/cEdited By Harsh V Pant [and] Kalpit A Mankikar aNew DelhibHar Anand Publications Pvy Ltdc2024 aE-49/3, Okhla Industrial Area, Phase-IIbNew Delhie110020cNew Delhik011-41603490l011-41708607minfo@haranandpublications.com a119p.c23cm(hb) aPant , Harsh V eEditor970377 aMankikar, Kalpit A eEditor970378 2ddccENh327.54051mSIN c205171d205171 00102ddc40708NFICaLbLd2024-08-21eDelivery of Books Act Divisiong499.00l1m1o327.54051 SINpEN-124894r2026-04-01 00:00:00s2026-03-19t1v499.00w2024-08-21yEN 001040708NFICaRC3ANbRC3ANd2025-10-29eDelivery of Books Act Divisiong499.00l0o327.54051 SINpEN-130539r2025-10-29 00:00:00t1v499.00w2025-10-29yEN